| 000 | 00732nam a22002415i 4500 | ||
|---|---|---|---|
| 001 | 11469 | ||
| 003 | ES-MaACL | ||
| 005 | 20230906150116.0 | ||
| 008 | 951211s1993 sp ||||0| spa | ||
| 020 | _a84-7100-241-8 | ||
| 080 | _a806.0-087(8=60) | ||
| 100 | 1 |
_aFontanella de Weinberg, María Beatriz. _951613 |
|
| 245 | 1 | 3 |
_aEl español de América / _cMª Beatriz Fontanella de Weinberg. |
| 250 | _a2ª ed. | ||
| 260 |
_aMadrid : _bMAPFRE, _c1993. |
||
| 300 |
_a287 p : _bil ; _c23 cm. |
||
| 490 | 1 |
_aIdioma e Iberoamérica ; _v2 |
|
| 504 | _aBibliografía. | ||
| 650 |
_aLengua española- _zAmérica. _914118 |
||
| 830 | 1 |
_aIdioma e Iberoamérica ; _v2 _9179110 |
|
| 852 |
_aES-MaACL _jL-18794 |
||
| 999 |
_c11469 _d11469 |
||